Die beliebtesten Kosenamen der Deutschen - Statistiken

Allgemein
  • Dieses Quiz wurde 374 mal gespielt
  • Das Durchschnittsergebnis liegt bei 5 aus 10
Antwortstatistiken
Rang Kosename % Korrekt
1 Schatz
100%
6 Maus / Mausi / Mäuschen
77%
4 Liebling / Liebes / Liebste / Liebster
71%
3 Hase / Hasi
69%
10 Baby
64%
7 Bär / Bärchen
56%
2 Schatzi
48%
9 Süße / Süßer
32%
5 Schnuckel / Schnucki
24%
8 Papa / Papi / Papilein
4%
Keine übereinstimmenden Quizze gefunden
Verteilung der Resultate
Anzahl Personen mit jedem Resultat
Perzentil nach korrekt beantworteten Fragen
Ihre Resultats-Entwicklung
Sie haben dieses Quiz noch nicht gespielt